000 00745cam a22002054a 4500
020 _a0764526057 (pbk.)
040 _cDLC
082 0 0 _a006 WIL 2003 A002 Or.
100 1 _aDoyle, Michael,
245 1 0 _aDreamweaver MX e-learning toolkit : building Web-based training with CourseBuilder /
260 _aIndianapolis, Ind. :
_bWiley Pub.,
_cc2003.
300 _axxvi, 547 p. :
_bill. ;
_c24 cm. +
_e1 CD-ROM (1 3/4 in.)
500 _aIncludes index.
650 0 _aWeb sites
650 0 _aWeb site development
856 4 2 _uhttp://www.loc.gov/catdir/bios/wiley046/2002114849.html
856 4 2 _uhttp://www.loc.gov/catdir/description/wiley039/2002114849.html
856 4 1 _uhttp://www.loc.gov/catdir/toc/wiley031/2002114849.html
942 _cEK
999 _c17147
_d17147